Στα κρυφά μονοπάτια των θαλασσινών μας βυθών
Αποθηκεύτηκε σε:
| Κύριος συγγραφέας: | |
|---|---|
| Μορφή: | Βιβλίο |
| Γλώσσα: | Greek |
| Δημοσίευση: |
Αθήνα :
Καστανιώτη,
1997.
|
| Θέματα: | |
| Ετικέτες: |
Προσθήκη ετικέτας
Δεν υπάρχουν, Καταχωρήστε ετικέτα πρώτοι!
|
MARC
| LEADER | 00000cam a2200000 a 4500 | ||
|---|---|---|---|
| 001 | 1/117024 | ||
| 008 | 180718s1997####gr | ||| |||| ||gre|| | ||
| 020 | |a 9600318549 | ||
| 040 | |a GR-MyUa |b gre |c GR-MyUa |e AACR2 | ||
| 041 | 0 | |a gre | |
| 082 | 7 | |a 578.76 |2 (23) | |
| 100 | 1 | |a Βράτιτς, Κάρολος. | |
| 245 | 1 | 0 | |a Στα κρυφά μονοπάτια των θαλασσινών μας βυθών / |c Κάρολος Βράτιτς. |
| 260 | |a Αθήνα : |b Καστανιώτη, |c 1997. | ||
| 300 | |a 153 σ. : |b εικ. ; |c 21 εκ. | ||
| 504 | |a Βιβλιογραφία: σ. 145-146. Ευρετήριο. | ||
| 650 | 0 | |a Aquatic organisms. | |
| 852 | |a INST |b SYROS |e 20180718 |h 578.76 ΒΡΑ |p 005500013471 |q 005500013471 |t BK |y 0 | ||
| 970 | |a Κοντού |b Παρασκευή |z 18/07/2018 | ||